00862nam a22002417a 450000500170000001000110001702000100002803500110003803700160004904000120006508200160007710000210009324500750011426000380018927000480022730000200027550000190029565000310031465000450034594200250039099900190041595201860043420170124105926.0 a910122 c00.00 a910122 bCen Lib/Ret aDPLbEN a338.88bSEN aSen, S. C.96549 aMultinational corporations in the developing countries /cby S. C. Sen aCalcuttabEastern Law Housec1978 a54, Ganesh Chunder AvenuebCalcuttae700013 a315p.c23cm(Hb) aIncludes index aDeveloping countries96550 aInternational business enterprises96551 2ddccENh338.88mSEN c123508d123508 04104070aLbLd2015-06-08eCen Lib/Retg0.00l0o338.88 SENp910122r2015-06-08 00:00:00t1v0.00w2015-06-08yENzWritten off on approval by DLB (By Circulation); dtd 15-06-2023